000 00673nam a2200205Ia 4500
003 GCL
005 20240530103657.0
008 140319s9999 xx 000 0 ara d
040 _aGCL /
_cGCL
082 0 4 _a001.4
_bا ا
100 1 _aاحمد بدر
245 1 0 _aاصول البحث العلمى ومناهجه :
_bما هى اساسيات المنهج العلمى فى البحث ؟ /
_cاحمد بدر
250 _aالثامنة
260 _aالكويت :
_bوكالة المطبوعات ،
_c1986
300 _a552 ص ؛
_c24 سم
650 0 4 _aطرق البحث
650 0 4 _aالبحوث
650 0 4 _aالطرق الاحصائية
942 _2ddc
_cBK
999 _c41606
_d41606